00953 a2200205 45000010006000000050017000060080041000230030015000640400040000790800085001192450070002040200018002742640053002923000019003455050242003640410008006061000026006147000019006408560088006593521720260407155636.0260407a1994 arg spa dAR-UNSa-BCEJYS aAR-UNSa-BCEJYSbspacAR-UNSa-BCEJYS a342.4xConstituciones. Asambleas legislativas. Asambleas nacionales (Reforma...)10aLa constitución reformadapcomentada, interpretada y concordada a950-9385-23-9 1aBuenos Aires :bEdiciones Ciudad Argentinac1994 a590 p.c21 cm. a1. Realidad constitucional - 2. Tipología constitucional - 3. Declaraciones, derechos y garantías - 4. Del Poder Legislativo - 5. Del Poder Ejecutivo - 6. Del Poder Judicial - 7. Gobiernos de Provincia - 8. Disposiciones transitorias aspa1 aDromi, José Roberto1 aMenem, Eduardo41uhttps://170.210.207.44/pmb/images/libros/L125584.jpgyImagen de portadaqimage/jpeg